|
|
|
|
| LEADER |
01092nam a22002897a 4500 |
| 001 |
mzk03001220890 |
| 003 |
CZ BrMZK |
| 005 |
20161014202019.0 |
| 007 |
ta |
| 008 |
090428s1732 xr fr|||||00| ||latod |
| 040 |
|
|
|a BOA001
|b cze
|c BOA001
|
| 072 |
|
7 |
|a 094
|x Staré tisky
|2 Konspekt
|9 12
|
| 080 |
|
|
|a (0.068)094
|2 MRF
|
| 100 |
1 |
|
|a Libig, Johann,
|d 1681-1757
|7 mzk2009492278
|4 aut
|
| 245 |
1 |
0 |
|a Quaestio Juris, et Facti Historico-Theologica de Conciliis Sacro-Sanctae Romanae Ecclesiae Praesertim Oecumenicis, ...In ... Universitate Olomucensi, Praeside ... Publice defendendas suscepit ... balzhasar Strauch ... Anno M.DCC.XXXII. ...
|
| 260 |
|
|
|a Oppaviae :
|b Typis Joannis Wenceslai Schindler,
|c [1732]
|
| 300 |
|
|
|a [4]A-G8H4 [= 64] listů ;
|c 8°
|
| 561 |
|
|
|a Provenience: Ad usum Pros Philippi Neumann Ord. Min. Conv. 1732
|
| 655 |
|
7 |
|a staré tisky
|7 fd422076
|2 czenas
|
| 700 |
1 |
|
|a Strauch, Balthasar
|4 oth
|
| 903 |
|
|
|a RP
|
| 910 |
|
|
|a BOE452
|b Mn
|
| 978 |
|
|
|b Schindler, Jan Václav ml.
|a Opava
|c 1732
|
| 984 |
|
|
|a Opava
|b Česko
|
| 985 |
|
|
|a 1701-1750
|
| 990 |
|
|
|a BK
|
| 991 |
|
|
|k minorite
|